000
00218 a2200097 4500
001
59967
100
_a
245
_a
Hamman yaaran Dozakh
260
_a
Lahore
_b
Al-Faisal Nashran
_c
2008
090
_c
36807
_d
36807
942
_a
NUST-CAE
_c
MONOGRAPH
_c
29788
999
_c
295040
_d
295040